| 000 | 00511nam a2200181 a 4500 | ||
|---|---|---|---|
| 001 | 000023608 | ||
| 005 | 20200930022338.0 | ||
| 008 | 101215nuuuuuuuusp r 000 0 spa d | ||
| 040 |
_aDO-SdBNP _bspa _cBNPHU |
||
| 082 |
_aCu863.44 _bC348c |
||
| 100 | 1 |
_aCastellanos, Jesús, _d1809-1912 _948649 |
|
| 245 | 1 | 3 |
_aLa conjura / _cJesús Castellanos. |
| 260 |
_aMadrid : _bAmérica, _c[s. f.]. |
||
| 300 |
_a249 p. : ; _c19 cm. |
||
| 650 | 4 |
_aNovela cubana _92316 |
|
| 650 | 4 |
_aLiteratura cubana _91483 |
|
| 049 | _aBNGR | ||
| 999 |
_c23104 _d23104 |
||